Statistics for Movie by Theme Song Title #2

Click here to take the quiz!

General Stats

  • This quiz has been taken 30 times
  • The average score is 6 of 15

Answer Stats

SongMovie% Correct
My Heart Will Go OnTitanic
100%
Do Re MiThe Sound of Music
90%
Hakuna MatataThe Lion King
81%
When You Wish Upon a StarPinocchio
71%
Summer NightsGrease
67%
Take My Breath AwayTop Gun
62%
The Power of LoveBack to the Future
38%
All That JazzChicago
38%
Raindrops Keep Fallin' on My HeadButch Cassidy and the Sundance Kid
29%
I Could Have Danced All NightMy Fair Lady
24%
SomewhereWest Side Story
14%
Ol' Man RiverShow Boat
10%
Can't Help Falling in LoveBlue Hawaii
5%
Fight the PowerDo the Right Thing
5%
GlorySelma
5%

Score Distribution

Percentile by Number Answered

Percent of People with Each Score

Your Score History

You have not taken this quiz